Switzerland’s Top Trading Partners (1990–2024) - Statistics

General Stats
  • This quiz has been taken 33 times
  • The average score is 92 of 100
Answer Stats
Year Country Imports % Correct
2024 - Imports China 17’218
100%
2020 - Imports China 16’095
100%
2010 - Imports China 6’071
100%
2024 - Exports China 16’220
100%
2020 - Exports China 14’734
100%
2010 - Exports China 7’079
100%
2024 - Imports France 16’251
97%
2020 - Imports France 12’796
97%
2010 - Imports France 15’218
97%
2000 - Imports France 13’921
97%
1990 - Imports France 10’374
97%
2024 - Exports France 13’536
97%
2020 - Exports France 11’828
97%
2010 - Exports France 15’144
97%
2000 - Exports France 11’367
97%
1990 - Exports France 8’133
97%
2024 - Imports Germany 53’933
97%
2020 - Imports Germany 49’471
97%
2010 - Imports Germany 57’266
97%
2000 - Imports Germany 40’134
97%
1990 - Imports Germany 32’246
97%
2024 - Exports Germany 41’635
97%
2020 - Exports Germany 40’412
97%
2010 - Exports Germany 37’780
97%
2000 - Exports Germany 28’142
97%
1990 - Exports Germany 18’832
97%
2024 - Imports Italy 23’728
97%
2020 - Imports Italy 16’798
97%
2010 - Imports Italy 18’366
97%
2000 - Imports Italy 12’871
97%
1990 - Imports Italy 10’098
97%
2024 - Exports Italy 20’414
97%
2020 - Exports Italy 12’983
97%
2010 - Exports Italy 15’546
97%
2000 - Exports Italy 9’585
97%
1990 - Exports Italy 7’658
97%
2024 - Imports Japan 4’631
97%
2000 - Imports Japan 3’727
97%
1990 - Imports Japan 4’186
97%
2024 - Exports Japan 8’084
97%
2020 - Exports Japan 6’953
97%
2010 - Exports Japan 6’426
97%
2000 - Exports Japan 4’842
97%
1990 - Exports Japan 3’427
97%
2024 - Imports Spain 6’778
97%
2020 - Imports Spain 6’709
97%
2024 - Exports Spain 6’755
97%
2020 - Exports Spain 7’482
97%
2010 - Exports Spain 6’345
97%
2000 - Exports Spain 3’707
97%
1990 - Exports Spain 1’817
97%
2024 - Imports Austria 9’088
93%
2020 - Imports Austria 8’319
93%
2010 - Imports Austria 7’860
93%
2000 - Imports Austria 4’872
93%
1990 - Imports Austria 3’777
93%
2024 - Exports Austria 6’668
93%
2020 - Exports Austria 6’152
93%
2010 - Exports Austria 6’114
93%
2000 - Exports Austria 4’142
93%
1990 - Exports Austria 3’225
93%
2020 - Imports United Kingdom 5’110
93%
2010 - Imports United Kingdom 6’234
93%
2000 - Imports United Kingdom 5’750
93%
1990 - Imports United Kingdom 3’802
93%
2024 - Exports United Kingdom 8’329
93%
2020 - Exports United Kingdom 7’801
93%
2010 - Exports United Kingdom 9’077
93%
2000 - Exports United Kingdom 6’884
93%
1990 - Exports United Kingdom 4’358
93%
2024 - Imports United States 14’127
93%
2020 - Imports United States 11’473
93%
2010 - Imports United States 8’154
93%
2000 - Imports United States 8’716
93%
1990 - Imports United States 4’732
93%
2024 - Exports United States 52’659
93%
2020 - Exports United States 39’492
93%
2010 - Exports United States 19’478
93%
2000 - Exports United States 14’729
93%
1990 - Exports United States 6’010
93%
2010 - Imports Belgium 4’682
90%
2000 - Imports Belgium 3’760
90%
1990 - Imports Belgium-Luxembourg 3’074
90%
2024 - Imports Netherlands 6’133
90%
2020 - Imports Netherlands 4’996
90%
2010 - Imports Netherlands 8’271
90%
2000 - Imports Netherlands 7’852
90%
1990 - Imports Netherlands 3’906
90%
2020 - Exports Netherlands 6’040
90%
2010 - Exports Netherlands 5’740
90%
2000 - Exports Netherlands 4’102
90%
1990 - Exports Netherlands 2’350
90%
2020 - Imports Ireland 4’575
87%
2010 - Imports Ireland 5’853
87%
2000 - Imports Ireland 3’167
87%
1990 - Imports Sweden 1’831
80%
2024 - Imports Slovenia 17’946
43%
2024 - Exports Slovenia 26’392
43%
2000 - Exports Hong Kong 2’861
23%
1990 - Exports Hong Kong 2’023
23%
No matching quizzes found
Score Distribution
Percent of People with Each Score
Percentile by Number Answered
Your Score History
You have not taken this quiz